00328nam a2200097Ia 45000010005000000080041000050820026000461000071000722450038001432600049001813106241024s9999 xx 000 0 und d a[*SIN CLASIFICACION*] aPresidencia de la República Dominicana. Oficina de Información 0aAgenda del Presidencia 29-01-2012 bSanto Domingo, República Dominicana,c2012